AS Roma Squad 2015-2016 - Statistics

General Stats
  • This quiz has been taken 51 times
  • The average score is 20 of 33
Answer Stats
# Position Nation Player % Correct
9 FW Bosnia and Herzegovina Edin Džeko
97%
10 FW Italy Francesco Totti
97%
11 FW Egypt Mohamed Salah
97%
2 DF Germany Antonio Rüdiger
94%
15 MF Bosnia and Herzegovina Miralem Pjanić
92%
44 DF Greece Kōnstantinos Manōlas
86%
27 FW Ivory Coast Gervinho
81%
25 GK Poland Wojciech Szczęsny
81%
16 MF Italy Daniele De Rossi
78%
4 MF Belgium Radja Nainggolan
78%
8 FW Argentina Diego Perotti
72%
6 MF Netherlands Kevin Strootman
69%
3 DF England Ashley Cole
67%
3 DF France Lucas Digne
64%
1 GK Romania Bogdan Lobonț
61%
20 MF Mali Seydou Keita
61%
7 FW Paraguay Juan Iturbe
58%
22 FW Italy Stephan El Shaarawy
58%
35 DF Greece Vasilis Torosidis
58%
- Coach Italy Luciano Spalletti
56%
- Coach France Rudi Garcia
56%
5 DF Brazil Leandro Castán
53%
13 DF Brazil Maicon
47%
97 FW Nigeria Umar Sadiq
47%
14 FW Spain Iago Falqué
44%
48 MF Turkey Salih Uçan
44%
24 MF Italy Alessandro Florenzi
42%
33 DF Italy Emerson
39%
26 GK Italy Morgan De Sanctis
36%
87 DF Bosnia and Herzegovina Ervin Zukanović
33%
23 DF Slovakia Norbert Gyömbér
31%
21 MF France William Vainqueur
25%
18 FW Argentina Ezequiel Ponce
17%
No matching quizzes found
Score Distribution
Percent of People with Each Score
Percentile by Number Answered
Your Score History
You have not taken this quiz